<?xml version="1.0" encoding="UTF-8"?>
<record
    xmlns:xsi="http://www.w3.org/2001/XMLSchema-instance"
    xsi:schemaLocation="http://www.loc.gov/MARC21/slim http://www.loc.gov/standards/marcxml/schema/MARC21slim.xsd"
    xmlns="http://www.loc.gov/MARC21/slim">

  <leader>01757nam a2200361 u 4500</leader>
  <controlfield tag="001">1202249</controlfield>
  <controlfield tag="005">20260508065950.0</controlfield>
  <controlfield tag="007">co|||||||</controlfield>
  <controlfield tag="008">100531nuuuuuuuu                    spa  </controlfield>
  <datafield tag="035" ind1=" " ind2=" ">
    <subfield code="a">1202249</subfield>
  </datafield>
  <datafield tag="040" ind1=" " ind2=" ">
    <subfield code="c">comduadb</subfield>
  </datafield>
  <datafield tag="041" ind1=" " ind2=" ">
    <subfield code="a">spa</subfield>
  </datafield>
  <datafield tag="080" ind1=" " ind2=" ">
    <subfield code="a">V/CD</subfield>
  </datafield>
  <datafield tag="082" ind1=" " ind2="4">
    <subfield code="a">306</subfield>
  </datafield>
  <datafield tag="100" ind1="1" ind2="0">
    <subfield code="a">Dom&#xED;nguez Cardona, Juan Camilo</subfield>
    <subfield code="4">aut</subfield>
    <subfield code="e">aut</subfield>
    <subfield code="9">607740</subfield>
  </datafield>
  <datafield tag="245" ind1="1" ind2="0">
    <subfield code="a">Estilo de juego y aguante : la cultura del futbol en la ciudad de Medellin</subfield>
  </datafield>
  <datafield tag="260" ind1=" " ind2=" ">
    <subfield code="a">Medell&#xED;n :</subfield>
    <subfield code="b">[sin publicador],</subfield>
    <subfield code="c">2010.</subfield>
  </datafield>
  <datafield tag="300" ind1=" " ind2=" ">
    <subfield code="a">1 CD-ROM</subfield>
  </datafield>
  <datafield tag="520" ind1="3" ind2=" ">
    <subfield code="a">Este trabajo de grado que es a su vez informe de practica y monografia, presenta un estudio sociologico de la cultura del futbol en la ciudad de Medellin.  El documento se ha dividido en tres partes.  La primera gira entorno a los equipos profesionales y el estilo de juego de cada uno de estos.  La segunda  se centra en la influencia de las probabilidades de obtener un titulo y su relacion con el habitus de clase de cada una de las hinchadas. La tercera parte da cuenta de las barras populares, su origen, organizacion y disputas, ademas de sus difrencias estructurales con las barras bravas o  hinchadas argentinas.</subfield>
  </datafield>
  <datafield tag="650" ind1=" " ind2="7">
    <subfield code="a">Entrenadores deportivos</subfield>
    <subfield code="2">armarc</subfield>
    <subfield code="9">15643</subfield>
  </datafield>
  <datafield tag="650" ind1=" " ind2="7">
    <subfield code="a">Capital social</subfield>
    <subfield code="2">lemb</subfield>
    <subfield code="9">27333</subfield>
  </datafield>
  <datafield tag="650" ind1=" " ind2=" ">
    <subfield code="a">Hinchas de f&#xFA;tbol</subfield>
    <subfield code="9">104029</subfield>
  </datafield>
  <datafield tag="650" ind1=" " ind2=" ">
    <subfield code="a">Barras de aficionados (Futbol)</subfield>
    <subfield code="9">85841</subfield>
  </datafield>
  <datafield tag="650" ind1=" " ind2="0">
    <subfield code="a">F&#xFA;tbol</subfield>
    <subfield code="x">Aspectos sociales</subfield>
    <subfield code="9">61513</subfield>
  </datafield>
  <datafield tag="650" ind1=" " ind2=" ">
    <subfield code="a">Equipos de f&#xFA;tbol</subfield>
    <subfield code="9">61514</subfield>
  </datafield>
  <datafield tag="650" ind1=" " ind2=" ">
    <subfield code="a">Identidad y deporte</subfield>
    <subfield code="9">139589</subfield>
  </datafield>
  <datafield tag="650" ind1=" " ind2="7">
    <subfield code="a">Antropolog&#xED;a de la educaci&#xF3;n</subfield>
    <subfield code="2">lemb</subfield>
    <subfield code="9">10118</subfield>
  </datafield>
  <datafield tag="650" ind1=" " ind2="7">
    <subfield code="a">Deportes</subfield>
    <subfield code="x">Aspectos sociol&#xF3;gicos</subfield>
    <subfield code="2">lemb</subfield>
    <subfield code="9">5614</subfield>
  </datafield>
  <datafield tag="700" ind1="1" ind2="0">
    <subfield code="a">Aristiz&#xE1;bal G&#xF3;mez, Carlos Andr&#xE9;s</subfield>
    <subfield code="4">ths</subfield>
    <subfield code="e">ths</subfield>
    <subfield code="9">342368</subfield>
  </datafield>
  <datafield tag="942" ind1=" " ind2=" ">
    <subfield code="c">TESIS</subfield>
  </datafield>
  <datafield tag="999" ind1=" " ind2=" ">
    <subfield code="c">553765</subfield>
    <subfield code="d">553765</subfield>
  </datafield>
  <datafield tag="502" ind1=" " ind2=" ">
    <subfield code="b">106</subfield>
    <subfield code="c">12</subfield>
  </datafield>
  <datafield tag="526" ind1=" " ind2=" ">
    <subfield code="a">107</subfield>
  </datafield>
  <datafield tag="952" ind1=" " ind2=" ">
    <subfield code="0">0</subfield>
    <subfield code="1">0</subfield>
    <subfield code="4">0</subfield>
    <subfield code="7">0</subfield>
    <subfield code="8">TESDIGBC</subfield>
    <subfield code="a">BC</subfield>
    <subfield code="b">BC</subfield>
    <subfield code="d">2010-05-31</subfield>
    <subfield code="e">Material adquirido por donaci&#xF3;n</subfield>
    <subfield code="i">C1088281</subfield>
    <subfield code="l">0</subfield>
    <subfield code="o">306.483 D671 CD-ROM</subfield>
    <subfield code="p">0737770</subfield>
    <subfield code="r">2023-04-30 00:00:00</subfield>
    <subfield code="t">1</subfield>
    <subfield code="w">2023-04-30</subfield>
    <subfield code="y">DIGITAL</subfield>
  </datafield>
  <datafield tag="952" ind1=" " ind2=" ">
    <subfield code="0">0</subfield>
    <subfield code="1">0</subfield>
    <subfield code="4">0</subfield>
    <subfield code="7">0</subfield>
    <subfield code="8">DIGITAL</subfield>
    <subfield code="a">CISH</subfield>
    <subfield code="b">CISH</subfield>
    <subfield code="d">2010-06-25</subfield>
    <subfield code="i">C1090585</subfield>
    <subfield code="l">0</subfield>
    <subfield code="o">V/CD-07944</subfield>
    <subfield code="p">0624057</subfield>
    <subfield code="r">2023-04-30 00:00:00</subfield>
    <subfield code="t">2</subfield>
    <subfield code="w">2023-04-30</subfield>
    <subfield code="y">DIGITAL</subfield>
  </datafield>
</record>
